000 01281nam1a2200397 i 4500
001 RU\NLR\bibl\402414
005 20240920011925.0
035 _a(NLR Aleph) 000396564
090 _a548634
_c548634
100 _a20030526g20029999u y0rusy50 ca
101 0 _arus
102 _aRU
105 _ay |||||||||
200 1 _aДуховенство Тверской епархии XVIII-начала XX веков: родословные росписи
_fА. В. Матисон
210 _aСПб.
_cИзд-во ВИРД
_d2002-
215 _d21
463 0 _1001393025
463 0 _1001422324
463 0 _1001578411
463 0 _1001907810
463 0 _10011450739
463 0 _10011846531
463 0 _10012055584
606 _aДуховенство православное
_xГенеалогия
_yТверская губерния
_92289915
_3RU\NLR\auth\661371474
686 _aЭ372.24-63
686 _aТ214(2)0-6
700 1 _aМатисон
_bА. В.
_gАндрей Викторович
_4070
801 0 _aRU
_bNLR
_c20030526
_gPSBO
801 1 _aRU
_bNLR
_c20030526
852 _aNLR
_j2003-3/12072
942 _cBOOK
980 _aGENEAL02
980 _aNBR